• 首页
  • 本馆介绍
  • 公告通知
  • 最新文献
  • 馆藏检索
  • 电子资源
  • 读者导购
  • 参考咨询
  • 我的图书馆
  • 登录
  • 详细信息显示
  • 放入我的书架
  • 预约/预借图书
  • 作者相关作品
  • 分类相关作品
  • 丛书相关作品
  • 出版社相关作品

书目信息

  • 表格格式
  • 工作单格式
  • 卡片格式
题名:
微波工程
    
 
作者: 波扎 著 ;谭云华 , 周乐柱 , 吴德明 , 张肇仪 译
分册:  
出版信息: 北京   电子工业出版社  2020.10
页数: 17,584页
开本: 26cm
丛书名:
单 册:
中图分类: TN015
科图分类:
主题词: 微波技术--高等学校--教材
电子资源:
ISBN: 978-7-121-37227-8
000 01767nam0 2200349 45
001 012001002191
005 20211013154002.72
010    @a978-7-121-37227-8@dCNY128.00
100    @a20191206d2019 em y0chiy50 ea
101 1  @achi@ceng
102    @aCN@b110000
105    @aak az 001yy
106    @ar
200 1  @a微波工程@Awei bo gong cheng@b专著@dMicrowave engineering@f(美)David M. Pozar著@g谭云华[等]译@zeng
205    @a2版
210    @a北京@c电子工业出版社@d2020.10
215    @a17,584页@c图@d26cm
300    @a国外电子与通信教材系列
300    @a并列题名:Microwave engineering
305    @a据原书第4版译出 由John Wiley & Sons授权出版
320    @a有书目和索引
330    @a本书是微波工程领域的一本优秀教材,内容上既有深度又有广度。第1章至第4章介绍电磁场基本理论和电路理论,第5章至第12章利用相关的概念阐明各种微波电路和器件,第13章描述几种微波系统。在基本理论方面,既介绍经典的电磁场理论,又叙述了现代微波工程中常用的分布电路和网络分析方法。在微波电路和器件方面,除介绍传统的线性微波电路及波导型器件外,还增加了平面结构元件和集成电路的设计、振荡器的相位噪声、晶体管功率放大器、非线性效应以及当今微波工程师经常使用的工具,如微波CAD软件包和网络分析仪等内容。每章结尾提供了习题,书末提供了部分习题的答案,可供教师选用和学生自测。本书的特点是从基本概念出发,介绍了专用电路和器件的设计,以便读者理解如何应用基本概念得出有用的成果,提高读者运用理论解决实际问题的能力。
510 1  @aMicrowave engineering@zeng
606 0  @a微波技术@x高等学校@j教材
690    @aTN015@v5
701  1 @c(美)@a波扎@Abo zha@gPozar, David M.@4著
702  0 @a谭云华@Atan yun hua@4译
702  0 @a周乐柱@Azhou le zhu@4译
702  0 @a吴德明@AWu De Ming@4译
702  0 @a张肇仪@Azhang zhao yi@4译
801  0 @aCN@bBJSDL@c20211011
905    @b1338785-7@dTN015@e180=2@f3
    
    微波工程=Microwave engineering/(美)David M. Pozar著/谭云华[等]译.-2版.-北京:电子工业出版社,2020.10
    17,584页:图;26cm
    国外电子与通信教材系列.-并列题名:Microwave engineering
    
    ISBN 978-7-121-37227-8:CNY128.00
    本书是微波工程领域的一本优秀教材,内容上既有深度又有广度。第1章至第4章介绍电磁场基本理论和电路理论,第5章至第12章利用相关的概念阐明各种微波电路和器件,第13章描述几种微波系统。在基本理论方面,既介绍经典的电磁场理论,又叙述了现代微波工程中常用的分布电路和网络分析方法。在微波电路和器件方面,除介绍传统的线性微波电路及波导型器件外,还增加了平面结构元件和集成电路的设计、振荡器的相位噪声、晶体管功率放大器、非线性效应以及当今微波工程师经常使用的工具,如微波CAD软件包和网络分析仪等内容。每章结尾提供了习题,书末提供了部分习题的答案,可供教师选用和学生自测。本书的特点是从基本概念出发,介绍了专用电路和器件的设计,以便读者理解如何应用基本概念得出有用的成果,提高读者运用理论解决实际问题的能力。
●
相关链接 在E读中查询图书 在五车中查询图书 在当当中查询图书 在豆瓣中查询图书


正题名:微波工程     索取号:TN015/180=2         预约/预借

序号 登录号 条形码 馆藏地/架位号 状态 备注
1 1338785   213387850   第二样本阅览室/ [索取号:TN015/180=2] 在馆    
2 1338786   213387869   第三借阅区/ [索取号:TN015/180=2] 在馆    
3 1338787   213387878   第三借阅区/ [索取号:TN015/180=2] 在馆    
唐山师范学院图书馆 欢迎您!
大连网信软件有限公司© 版权所有